Computers : (Record no. 6227)

MARC details
000 -LEADER
fixed length control field 01367cam a22002174a 4500
020 ## - INTERNATIONAL STANDARD BOOK NUMBER
ISBN 076382092X
022 ## - INTERNATIONAL STANDARD SERIAL NUMBER
ISSN 9780763820923
050 00 - CALL NUMBER
Classification number QA76
Item number .F95
100 1# - AUTHOR
Personal name Fuller, Floyd.
245 10 - TITLE
Title Computers :
Remainder of title understanding technology.
Statement of responsibility, etc Floyd Fuller, Brian Larson.
250 ## - EDITION
Edition statement 2nd ed.
260 ## - PUBLICATION INFORMATION
Place of publication St. Paul, Minn. :
Name of publisher EMC/Paradigm,
Year of publication c2005.
300 ## - DESCRIPTION
Number of Pages 1 v. (various pagings) :
Other physical details col. ill. ;
Dimensions 28 cm. +
Accompanying material 1 CD-ROM (4 3/4 in.)
440 #0 - SERIES
SERIES Tech edge series
500 ## - NOTES
General note Includes index.
505 ## - FORMATTED CONTENTS NOTE
Table of Content CHAPTER 1. Our digital world 1<br/>CHAPTER 2. Input and processing 45<br/>CHAPTER 3. Output and storage 99<br/>CHAPTER 4. System software 151<br/>CHAPTER 5. Application software 205<br/>CHAPTER 6. Telecommunications and networks 255<br/>CHAPTER 7. The internet and world wide web 305<br/>CHAPTER 8. Using databases to manage information 357<br/>CHAPTER 9. Understanding information systems 403<br/>CHAPTER 10. Electronic commerce 445<br/>CHAPTER 11. Programming concepts and languages 505<br/>CHAPTER 12. Multimedia and artificial intelligence 551<br/>CHAPTER 13. Security issues and strategies 597<br/>CHAPTER 14. Computer ethics 639<br/>CHAPTER 15. Information technology careers 689<br/>Windows Tutorials W-1<br/>Internet Tutorials T-1<br/>Glossary GL-1<br/>Index
650 #0 - SUBJECTS
Topical Term Computer science.
650 #0 - SUBJECTS
Topical Term Computers.
700 1# - OTHER AUTHORS
Personal name Larson, Brian.
942 ## - ADDED ENTRY ELEMENTS (KOHA)
Koha item type Books
Holdings
Withdrawn status Lost status Collection code Home library Current library Shelving location Date acquired Full call number Accession Number Koha item type
    Reference Methodist University Library Main Methodist University Library Main General Stacks 13/01/2013 QA76 .F95 37685 Books
Copyright © 2026  MUG Library